000 00867nam a22002897a 4500
001 BR2012006310
003 BR-BrBNA
005 20230928104048.0
007 ta
008 230509b bl.||||| |||| 00| 0 por d
040 _aBR-BrBNA
_bpor
_cBiblioteca Nacional de Agricultura
041 _a(Por)
072 _aE14
_b0600
090 _ 0600 BR2012006310
110 1 _aInstituto Brasileiro de Frutas, São Paulo, SP (Brasil)
_95774
245 1 _aInfra-estrutura e o desenvolvimento da fruticultura irrigada no semi-árido brasileiro
260 3 _aSão Paulo, SP (Brasil):
_c1999.
300 _av. 1-2
650 _aDESENVOLVIMENTO ECONÔMICO
650 _aFRUTICULTURA
650 _aPRODUÇÃO AGRÍCOLA
650 _aPERÍMETRO IRRIGADO
650 _aIRRIGAÇÃO
650 _aTELECOMUNICAÇÃO
909 _a202309
_bLucia
_c55
_dLucia Elande
942 _cBK
999 _c77934
_d77934